[Event "POL-UKR U26"]
[Site "Lublin"]
[Date "2012.11.22"]
[Round "2.1"]
[White "Kubit, Tomasz"]
[Black "Podolsky, Anton"]
[Result "0-1"]
[WhiteElo "2152"]
[BlackElo "2270"]
[PlyCount "48"]
[EventDate "2012.11.21"]
[EventType "team-tourn"]
[EventRounds "5"]
[EventCountry "POL"]
[SourceTitle "CBM 151 Extra"]
[Source "ChessBase"]
[SourceDate "2012.12.18"]
[SourceVersion "1"]
[SourceVersionDate "2012.12.18"]
[SourceQuality "1"]
[WhiteTeam "Gliwice Politechnika Slaska"]
[BlackTeam "Ternopol Economic Univ"]
[WhiteTeamCountry "POL"]
[BlackTeamCountry "UKR"]

1. e4 e6 2. d4 d5 3. exd5 exd5 4. Nf3 Bd6 5. c4 dxc4 6. Bxc4 Nf6 7. 0-0 0-0 8. Qc2 Bg4 9. Ne5 Bh5 10. Bg5 Nc6 11. Nxc6 bxc6 12. Be2 Bxe2 13. Qxe2 Re8 14. Qf3 Rb8 15. Nc3 Rxb2 16. Qxc6 Re6 17. Qf3 h6 18. Be3 c6 19. Rab1 Rxb1 20. Rxb1 Qa5 21. Rc1 Ba3 22. Rc2 Ne4 23. d5 cxd5 24. Bd4 Nxc3 0-1

[Event "POL-chT 2nd League"]
[Site "Mrzezyno"]
[Date "2011.09.11"]
[Round "9.55"]
[White "Fudalej, Michal"]
[Black "Kubit, Tomasz"]
[Result "1/2-1/2"]
[WhiteElo "2253"]
[BlackElo "2178"]
[PlyCount "54"]
[EventDate "2011.09.03"]
[EventType "team-swiss"]
[EventRounds "9"]
[EventCountry "POL"]
[SourceTitle "EXT 2019"]
[Source "ChessBase"]
[SourceDate "2018.10.10"]
[SourceVersion "1"]
[SourceVersionDate "2018.10.10"]
[SourceQuality "1"]
[WhiteTeam "Mikolow AKS"]
[BlackTeam "Gliwice Roszada Sikornik"]
[WhiteTeamCountry "POL"]
[BlackTeamCountry "POL"]

1. Nf3 d5 2. g3 Nf6 3. Bg2 Bg4 4. b3 e6 5. Bb2 Nbd7 6. 0-0 Be7 7. d3 0-0 8. Nbd2 c6 9. h3 Bxf3 10. Nxf3 Qc7 11. Re1 Rfd8 12. c4 Rac8 13. Qc2 h6 14. e4 dxe4 15. dxe4 Nf8 16. Rad1 Rxd1 17. Rxd1 Rd8 18. Ne5 Rxd1+ 19. Qxd1 N6d7 20. Nd3 Bf6 21. Bxf6 Nxf6 22. e5 N6d7 23. f4 Qb6+ 24. Nf2 Qe3 25. Qd3 Qe1+ 26. Qf1 Qxf1+ 27. Kxf1 g6 1/2-1/2

[Event "Rewal op-A 16th"]
[Site "Rewal"]
[Date "2011.08.24"]
[Round "5"]
[White "Kubit, Tomasz"]
[Black "Zochowski, Kacper"]
[Result "0-1"]
[WhiteElo "2178"]
[BlackElo "1954"]
[PlyCount "89"]
[EventDate "2011.08.19"]
[EventType "swiss"]
[EventRounds "9"]
[EventCountry "POL"]
[SourceTitle "CBM 144 Extra"]
[Source "ChessBase"]
[SourceDate "2011.10.28"]
[SourceVersion "1"]
[SourceVersionDate "2011.10.28"]
[SourceQuality "1"]

1. e4 c5 2. Nf3 d6 3. d4 cxd4 4. Nxd4 Nf6 5. Nc3 a6 6. g3 e6 7. Bg2 Qc7 8. 0-0 Be7 9. Be3 0-0 10. Qe2 Nc6 11. Rad1 Bd7 12. Kh1 b5 13. a3 Na5 14. f4 Nc4 15. Bc1 Rac8 16. Rd3 Rfe8 17. g4 g6 18. g5 Nh5 19. Qf2 Ng7 20. h4 e5 21. Nd5 Qd8 22. b3 exd4 23. bxc4 Rxc4 24. Bb2 Be6 25. Rxd4 Bxd5 26. Rxd5 Qc8 27. Rd2 d5 28. exd5 Bc5 29. Bd4 Bxd4 30. Rxd4 Rxc2 31. Rd2 Rxd2 32. Qxd2 Qg4 33. d6 Nf5 34. Rf3 Qxh4+ 35. Kg1 Qe1+ 36. Qxe1 Rxe1+ 37. Kf2 Rd1 38. a4 b4 39. a5 Rxd6 40. Bf1 Rd2+ 41. Ke1 Ra2 42. Bxa6 Rxa5 43. Bc4 Rc5 44. Ba2 Nd4 45. Re3 0-1

[Event "Rewal op-A 16th"]
[Site "Rewal"]
[Date "2011.08.19"]
[Round "1"]
[White "Sielicki, Tomasz"]
[Black "Kubit, Tomasz"]
[Result "1/2-1/2"]
[WhiteElo "2022"]
[BlackElo "2178"]
[PlyCount "82"]
[EventDate "2011.08.19"]
[EventType "swiss"]
[EventRounds "9"]
[EventCountry "POL"]
[SourceTitle "CBM 144 Extra"]
[Source "ChessBase"]
[SourceDate "2011.10.28"]
[SourceVersion "1"]
[SourceVersionDate "2011.10.28"]
[SourceQuality "1"]

1. d4 d5 2. Bg5 Bf5 3. e3 h6 4. Bh4 Nf6 5. Bxf6 exf6 6. Nf3 c6 7. c4 Bxb1 8. Rxb1 Qa5+ 9. Nd2 Qxa2 10. Ra1 Qxb2 11. Rb1 Qc3 12. cxd5 Bb4 13. Rb3 Qxd2+ 14. Qxd2 Bxd2+ 15. Kxd2 cxd5 16. Rxb7 0-0 17. Be2 Nc6 18. Rc1 Na5 19. Rb5 Nc4+ 20. Bxc4 dxc4 21. Rxc4 Rfb8 22. Ra5 Rb7 23. d5 f5 24. f3 Re8 25. d6 Rd8 26. Ra6 f6 27. Kc3 Rb6 28. Rxb6 axb6 29. Rc6 Kf7 30. Rxb6 Ke6 31. Rb7 Rd7 32. Rxd7 Kxd7 33. h4 g5 34. h5 Kxd6 35. Kd4 Ke6 36. f4 gxf4 37. exf4 Kd6 38. Kc4 Kc6 39. Kd4 Kd6 40. g3 Kc6 41. Kc4 Kd6 1/2-1/2

[Event "Kolobrzeg op"]
[Site "Kolobrzeg"]
[Date "2008.08.26"]
[Round "9"]
[White "Kielar, Maciej"]
[Black "Kubit, Tomasz"]
[Result "1/2-1/2"]
[WhiteElo "2045"]
[BlackElo "2205"]
[PlyCount "84"]
[EventDate "2008.08.18"]
[EventType "swiss"]
[EventRounds "9"]
[EventCountry "POL"]
[SourceTitle "CBM 126 Extra"]
[Source "ChessBase"]
[SourceDate "2008.11.05"]
[SourceVersion "1"]
[SourceVersionDate "2008.11.05"]
[SourceQuality "1"]

1. e4 d5 2. exd5 Nf6 3. d4 Nxd5 4. Nf3 g6 5. Bc4 Bg7 6. 0-0 0-0 7. Re1 Nb6 8. Bb3 h6 9. c3 Nc6 10. Nbd2 e6 11. Ne4 Ne7 12. Qe2 Nf5 13. Ne5 Nd5 14. a4 a5 15. f4 c6 16. Bd2 Qc7 17. g4 Nd6 18. Ng3 Ne7 19. Bc2 b5 20. h4 Nc4 21. h5 Nxe5 22. fxe5 c5 23. g5 hxg5 24. Bxg5 f5 25. Rad1 cxd4 26. cxd4 bxa4 27. Bxa4 Ba6 28. Qh2 Ra7 29. Qh4 gxh5 30. Rd2 f4 31. Nxh5 Nf5 32. Qg4 Qc4 33. Nf6+ Rxf6 34. exf6 Qxa4 35. fxg7 Rxg7 36. Qxf4 Qc6 37. Rg2 Bb7 38. Rg4 Qf3 39. Rf1 Qxf4 40. Rfxf4 Ne3 41. Rg3 Nf5 42. Rxf5 exf5 1/2-1/2

[Event "Kolobrzeg op"]
[Site "Kolobrzeg"]
[Date "2008.08.22"]
[Round "5"]
[White "Klekowski, Maciej"]
[Black "Kubit, Tomasz"]
[Result "1-0"]
[WhiteElo "2197"]
[BlackElo "2205"]
[PlyCount "59"]
[EventDate "2008.08.18"]
[EventType "swiss"]
[EventRounds "9"]
[EventCountry "POL"]
[SourceTitle "CBM 126 Extra"]
[Source "ChessBase"]
[SourceDate "2008.11.05"]
[SourceVersion "1"]
[SourceVersionDate "2008.11.05"]
[SourceQuality "1"]

1. c4 b6 2. Nc3 Bb7 3. e4 e6 4. f4 Bb4 5. Qc2 f5 6. d3 Ne7 7. a3 Bxc3+ 8. bxc3 fxe4 9. dxe4 d6 10. Nf3 Qd7 11. Be3 Nbc6 12. Rd1 0-0-0 13. c5 Qe8 14. cxb6 cxb6 15. Bd3 Qh5 16. Ng5 e5 17. Be2 Qg6 18. f5 Qf6 19. Ne6 Rde8 20. Rxd6 g6 21. Qd3 gxf5 22. Nc5 Qg7 23. Nxb7 Kxb7 24. exf5 Qxg2 25. Rg1 Qxh2 26. f6 Ng6 27. Rd7+ Ka8 28. Qa6 Rb8 29. Rxa7+ Nxa7 30. Bf3+ 1-0

[Event "POL-chT3 Slaskie"]
[Site "Poland"]
[Date "2008.02.19"]
[Round "4.5"]
[White "Flis, Jacek"]
[Black "Kubit, Tomasz"]
[Result "1/2-1/2"]
[WhiteElo "2301"]
[BlackElo "2209"]
[PlyCount "119"]
[EventDate "2008.02.03"]
[EventType "team-swiss"]
[EventRounds "9"]
[EventCountry "POL"]
[SourceTitle "EXT 2019"]
[Source "ChessBase"]
[SourceDate "2018.10.10"]
[SourceVersion "1"]
[SourceVersionDate "2018.10.10"]
[SourceQuality "1"]

1. e4 d5 2. exd5 Nf6 3. Nf3 Nxd5 4. d4 g6 5. Be2 Bg7 6. 0-0 0-0 7. h3 Nc6 8. Re1 Nb6 9. c3 h6 10. Bf4 Kh7 11. Bd3 Re8 12. Na3 a6 13. Nc2 e6 14. Qd2 Bd7 15. c4 Rf8 16. Re4 Ne7 17. Rae1 Nf5 18. R4e2 c5 19. dxc5 Na4 20. Bxf5 exf5 21. Bd6 Rg8 22. Ncd4 Rc8 23. b4 b6 24. cxb6 Nxb6 25. c5 Nc4 26. Qf4 g5 27. Qh2 f4 28. Be7 Qc7 29. g3 fxg3 30. Qxg3 Qxg3+ 31. fxg3 Bxh3 32. Rh2 Bxd4+ 33. Nxd4 Bd7 34. Rf2 Kg7 35. Ref1 Be8 36. Nf5+ Kh7 37. Rh2 Rg6 38. Re1 Bd7 39. Nd4 Re8 40. Rf2 Kg7 41. Rfe2 Kg8 42. Kf2 f5 43. Rc1 Na3 44. c6 Bc8 45. Rc5 Nb5 46. Nxb5 axb5 47. c7 Kf7 48. Bd8 Rxe2+ 49. Kxe2 Ra6 50. Rxb5 Rxa2+ 51. Ke3 Ke6 52. Rb6+ Kd7 53. Rxh6 Ra3+ 54. Kd4 Rxg3 55. Ke5 Rd3 56. Kxf5 Rd5+ 57. Ke4 Rb5 58. Rh7+ Kc6 59. Rh6+ Kb7 60. Be7 1/2-1/2

[Event "Rewal op-A 12th"]
[Site "Rewal"]
[Date "2007.08.28"]
[Round "8"]
[White "Kubit, Tomasz"]
[Black "Demidowicz, Maria"]
[Result "1-0"]
[WhiteElo "2198"]
[BlackElo "1979"]
[PlyCount "135"]
[EventDate "2007.08.20"]
[EventType "swiss"]
[EventRounds "9"]
[EventCountry "POL"]
[SourceTitle "CBM 120 Extra"]
[Source "ChessBase"]
[SourceDate "2007.11.01"]
[SourceVersion "1"]
[SourceVersionDate "2007.11.01"]
[SourceQuality "1"]

1. e4 c5 2. Nf3 d6 3. d4 cxd4 4. Nxd4 Nf6 5. Nc3 a6 6. g3 e5 7. Nde2 Nbd7 8. Bg2 b5 9. h3 Bb7 10. g4 Nc5 11. Ng3 Be7 12. 0-0 0-0 13. Kh2 Ne6 14. Nf5 Rc8 15. Nd5 Nxd5 16. exd5 Nc5 17. f4 Nd7 18. Re1 Re8 19. Nxe7+ Rxe7 20. c3 exf4 21. Bxf4 Rxe1 22. Qxe1 Qf6 23. Qg3 Re8 24. Bxd6 Re2 25. Kg1 Rxb2 26. Re1 Qd8 27. Qe3 Nf6 28. Qe7 Rxg2+ 29. Kxg2 Bxd5+ 30. Kh2 Qxe7 31. Rxe7 h5 32. Be5 hxg4 33. Bxf6 gxf6 34. a3 a5 35. hxg4 a4 36. Kg3 Kg7 37. Kf4 Kg6 38. Rc7 Bc4 39. Rc5 Be2 40. Ke3 Bf1 41. Rf5 Bc4 42. Rc5 Bf1 43. Rh5 Bc4 44. Rf5 Kg7 45. Kd4 Kg6 46. Kc5 Bd3 47. Rd5 Bc4 48. Rh5 Bd3 49. Kd4 Bc4 50. Rc5 Be2 51. Rh5 Bc4 52. Kc5 Bd3 53. Rh3 Bc4 54. Rf3 Kg5 55. Kd6 Kxg4 56. Rxf6 Kg5 57. Rf2 f5 58. Ke5 Bd3 59. Rg2+ Kh5 60. Kf4 Be4 61. Rg8 Bc2 62. Rb8 Bd3 63. Rb6 Bc4 64. Kxf5 Kh4 65. Ke4 Kg4 66. Rf6 Kg5 67. Rf8 Kg4 68. Rf4+ 1-0

[Event "Rewal op-A 12th"]
[Site "Rewal"]
[Date "2007.08.26"]
[Round "6"]
[White "Baumann, Dariusz"]
[Black "Kubit, Tomasz"]
[Result "0-1"]
[WhiteElo "2050"]
[BlackElo "2198"]
[PlyCount "76"]
[EventDate "2007.08.20"]
[EventType "swiss"]
[EventRounds "9"]
[EventCountry "POL"]
[SourceTitle "CBM 120 Extra"]
[Source "ChessBase"]
[SourceDate "2007.11.01"]
[SourceVersion "1"]
[SourceVersionDate "2007.11.01"]
[SourceQuality "1"]

1. d4 d5 2. c4 Nc6 3. cxd5 Qxd5 4. e3 e5 5. Nc3 Bb4 6. a3 Bxc3+ 7. bxc3 Nf6 8. f3 e4 9. Qe2 0-0 10. Qf2 Na5 11. Rb1 a6 12. Ne2 Qa2 13. Rb2 Qa1 14. Rd2 Bd7 15. Qh4 Nc4 16. Kf2 Nxd2 17. Bxd2 Rfe8 18. h3 Bb5 19. Rg1 Qb2 20. Be1 Kh8 21. f4 Nd5 22. Qh5 Rad8 23. g4 Qxa3 24. g5 g6 25. Qg4 c5 26. Qg3 Bxe2 27. Bxe2 Nxc3 28. Bxc3 Qxc3 29. dxc5 Qxc5 30. h4 Rd2 31. Re1 b5 32. h5 b4 33. Qg4 Qf5 34. Qg3 b3 35. hxg6 fxg6 36. Kf1 b2 37. Bg4 Qb5+ 38. Be2 Rxe2 0-1

[Event "Rewal op-A 12th"]
[Site "Rewal"]
[Date "2007.08.25"]
[Round "5"]
[White "Kubit, Tomasz"]
[Black "Maryasin, Boris Feliksovich"]
[Result "0-1"]
[WhiteElo "2198"]
[BlackElo "2321"]
[PlyCount "72"]
[EventDate "2007.08.20"]
[EventType "swiss"]
[EventRounds "9"]
[EventCountry "POL"]
[SourceTitle "CBM 120 Extra"]
[Source "ChessBase"]
[SourceDate "2007.11.01"]
[SourceVersion "1"]
[SourceVersionDate "2007.11.01"]
[SourceQuality "1"]

1. e4 c5 2. Nf3 Nc6 3. d4 cxd4 4. Nxd4 Qb6 5. Nb3 Nf6 6. Nc3 e6 7. g3 d6 8. Bg2 Be7 9. 0-0 0-0 10. Be3 Qc7 11. Qe2 a6 12. Rad1 b5 13. a3 Bb7 14. g4 Ne5 15. g5 Nfd7 16. f4 Nc4 17. Bc1 Rfe8 18. Rd3 Bf8 19. Rh3 g6 20. Qg4 Bg7 21. f5 exf5 22. exf5 Qb6+ 23. Kh1 Qf2 24. Rg1 gxf5 25. Qg3 Bxg2+ 26. Qxg2 Qxg2+ 27. Kxg2 Rac8 28. Nd5 Ncb6 29. Nf6+ Nxf6 30. gxf6 Bxf6 31. c3 Rc4 32. Kf3+ Rg4 33. Rd1 Nc4 34. Rh5 Ne5+ 35. Ke2 Bh4 36. Ke3 f4+ 0-1

[Event "POL-chT3 Liga Slaska"]
[Site "Poland"]
[Date "2007.05.12"]
[Round "7"]
[White "Kubit, Tomasz"]
[Black "Szczepanek, Radoslaw"]
[Result "0-1"]
[WhiteElo "2176"]
[BlackElo "2158"]
[PlyCount "56"]
[EventDate "2007.01.28"]
[EventType "team-swiss"]
[EventRounds "9"]
[EventCountry "POL"]
[SourceTitle "EXT 2011"]
[Source "ChessBase"]
[SourceDate "2010.11.26"]
[SourceVersion "1"]
[SourceVersionDate "2010.11.26"]
[SourceQuality "1"]
[WhiteTeam "Gliwice Carbo"]
[BlackTeam "Raciborz KSz Silesia II"]
[WhiteTeamCountry "POL"]
[BlackTeamCountry "POL"]

1. e4 c5 2. Nf3 Nc6 3. d4 cxd4 4. Nxd4 Nf6 5. Nc3 e5 6. Ndb5 d6 7. Nd5 Nxd5 8. exd5 Nb8 9. c4 a6 10. Nc3 Be7 11. Be2 0-0 12. 0-0 Nd7 13. Be3 f5 14. f3 Bg5 15. Bf2 Qf6 16. b4 Qh6 17. Qd3 e4 18. fxe4 Ne5 19. Qd1 f4 20. Bd4 f3 21. Rxf3 Nxf3+ 22. Bxf3 Bf4 23. h3 Be3+ 24. Kh2 Bxh3 25. Bxe3 Qxe3 26. Qc1 Rxf3 27. gxf3 Qf2+ 28. Kxh3 Rf8 0-1

[Event "POL-chT 2nd League"]
[Site "Lublin"]
[Date "2006.09.09"]
[Round "8.61"]
[White "Kubit, Tomasz"]
[Black "Nurkiewicz, Maciej"]
[Result "1/2-1/2"]
[WhiteElo "2184"]
[BlackElo "2404"]
[PlyCount "77"]
[EventDate "2006.09.02"]
[EventType "team-swiss"]
[EventRounds "9"]
[EventCountry "POL"]
[SourceTitle "EXT 2019"]
[Source "ChessBase"]
[SourceDate "2018.10.10"]
[SourceVersion "1"]
[SourceVersionDate "2018.10.10"]
[SourceQuality "1"]
[WhiteTeam "Gliwice Roszada"]
[BlackTeam "Miedzyborow Wrzos"]
[WhiteTeamCountry "POL"]
[BlackTeamCountry "POL"]

1. e4 e5 2. Nf3 Nc6 3. Nc3 Nf6 4. Be2 d5 5. exd5 Nxd5 6. 0-0 Nxc3 7. bxc3 Bd6 8. d4 exd4 9. cxd4 0-0 10. h3 Bf5 11. Bd3 Qd7 12. Rb1 Nb4 13. Bxf5 Qxf5 14. Ba3 Qa5 15. Rb3 b6 16. Ne5 Qa4 17. Nc4 Nd5 18. Nxd6 cxd6 19. Rg3 Qd7 20. Qf3 Ne7 21. Re1 Ng6 22. Qd5 Rfd8 23. Rge3 Rac8 24. c3 h6 25. Rf3 Rc7 26. c4 Qc6 27. Qxc6 Rxc6 28. Rc1 Rdc8 29. d5 Rxc4 30. Rxc4 Rxc4 31. Bxd6 Rd4 32. Bb8 Rxd5 33. Bxa7 b5 34. g3 Ne5 35. Rb3 f5 36. Be3 Kf7 37. Kf1 Nc4 38. Rb4 Ke6 39. a4 1/2-1/2

[Event "POL-chT 2nd League"]
[Site "Lublin"]
[Date "2006.09.07"]
[Round "6.79"]
[White "Voloshin, Leonid"]
[Black "Kubit, Tomasz"]
[Result "1-0"]
[WhiteElo "2432"]
[BlackElo "2184"]
[PlyCount "47"]
[EventDate "2006.09.02"]
[EventType "team-swiss"]
[EventRounds "9"]
[EventCountry "POL"]
[SourceTitle "EXT 2019"]
[Source "ChessBase"]
[SourceDate "2018.10.10"]
[SourceVersion "1"]
[SourceVersionDate "2018.10.10"]
[SourceQuality "1"]
[WhiteTeam "Wloclawek Leszczynski"]
[BlackTeam "Gliwice Roszada"]
[WhiteTeamCountry "POL"]
[BlackTeamCountry "POL"]

1. Nf3 b6 2. d4 e6 3. e4 Bb7 4. Bd3 Nf6 5. Qe2 d6 6. 0-0 Be7 7. c4 0-0 8. Nc3 Nbd7 9. Bf4 Nh5 10. Be3 e5 11. Nxe5 Nxe5 12. dxe5 dxe5 13. Qxh5 Qxd3 14. Qxe5 Bd6 15. Qb5 a6 16. Qa4 Bxe4 17. c5 Bxg2 18. Kxg2 Bxc5 19. Bxc5 bxc5 20. Rfe1 Qg6+ 21. Kh1 Rab8 22. Re2 Qh5 23. Qe4 g6 24. Nd5 1-0

[Event "POL-chT 2nd League"]
[Site "Lublin"]
[Date "2006.09.03"]
[Round "2.49"]
[White "Zawadzki, Stanislaw"]
[Black "Kubit, Tomasz"]
[Result "1/2-1/2"]
[WhiteElo "2397"]
[BlackElo "2184"]
[PlyCount "48"]
[EventDate "2006.09.02"]
[EventType "team-swiss"]
[EventRounds "9"]
[EventCountry "POL"]
[SourceTitle "EXT 2019"]
[Source "ChessBase"]
[SourceDate "2018.10.10"]
[SourceVersion "1"]
[SourceVersionDate "2018.10.10"]
[SourceQuality "1"]
[WhiteTeam "Legnica Miedz"]
[BlackTeam "Gliwice Roszada"]
[WhiteTeamCountry "POL"]
[BlackTeamCountry "POL"]

1. e4 b6 2. f4 Bb7 3. d3 e6 4. Nf3 d5 5. e5 d4 6. g3 Nh6 7. Bg2 Be7 8. Nbd2 Nf5 9. Ne4 Bb4+ 10. Kf1 Na6 11. Qe2 Qd7 12. g4 Nh6 13. h3 Be7 14. a3 c5 15. Bd2 Nc7 16. f5 Ng8 17. Kg1 f6 18. exf6 gxf6 19. fxe6 Qxe6 20. Re1 Bxe4 21. Qxe4 Qxe4 22. Rxe4 0-0-0 23. Kf2 Bd6 24. Rhe1 Kd7 1/2-1/2

[Event "POL-chT 2nd League"]
[Site "Lublin"]
[Date "2006.09.02"]
[Round "1.43"]
[White "Kubit, Tomasz"]
[Black "Ksieski, Zbigniew"]
[Result "1/2-1/2"]
[WhiteElo "2184"]
[BlackElo "2346"]
[PlyCount "67"]
[EventDate "2006.09.02"]
[EventType "team-swiss"]
[EventRounds "9"]
[EventCountry "POL"]
[SourceTitle "EXT 2019"]
[Source "ChessBase"]
[SourceDate "2018.10.10"]
[SourceVersion "1"]
[SourceVersionDate "2018.10.10"]
[SourceQuality "1"]
[WhiteTeam "Gliwice Roszada"]
[BlackTeam "Lublin Drakon"]
[WhiteTeamCountry "POL"]
[BlackTeamCountry "POL"]

1. e4 c5 2. Nf3 b6 3. d4 cxd4 4. Nxd4 Bb7 5. Nc3 a6 6. g3 b5 7. Bg2 b4 8. Na4 Qa5 9. b3 Nf6 10. 0-0 e6 11. Re1 Be7 12. Bb2 0-0 13. Qe2 Nc6 14. Rad1 Nxd4 15. Bxd4 e5 16. Be3 Qb5 17. Nb6 Rad8 18. Qxb5 axb5 19. Bg5 Bc6 20. Nd5 Rfe8 21. Nc7 Rf8 22. Nd5 Bxd5 23. Bxf6 Bxf6 24. Rxd5 Ra8 25. Rxb5 Rxa2 26. Rxb4 Rxc2 27. Bh3 Be7 28. Rc4 Rd2 29. Rec1 g6 30. Rc8 Ba3 31. R1c2 Rd4 32. f3 d5 33. exd5 Rxd5 34. Bf1 1/2-1/2

[Event "Rewal op 11th"]
[Site "Rewal"]
[Date "2006.08.27"]
[Round "9"]
[White "Kubit, Tomasz"]
[Black "Koziej, Maciej"]
[Result "0-1"]
[WhiteElo "2163"]
[BlackElo "2005"]
[PlyCount "70"]
[EventDate "2006.08.21"]
[EventType "swiss"]
[EventRounds "11"]
[EventCountry "POL"]
[SourceTitle "EXT 2010"]
[Source "ChessBase"]
[SourceDate "2010.11.25"]
[SourceVersion "1"]
[SourceVersionDate "2010.11.25"]
[SourceQuality "1"]

1. e4 c5 2. Nf3 Nc6 3. d4 cxd4 4. Nxd4 e5 5. Nb5 d6 6. N1c3 a6 7. Na3 Be6 8. Nd5 Nf6 9. Nxf6+ gxf6 10. Bc4 Qc7 11. Bxe6 fxe6 12. Qh5+ Qf7 13. Qxf7+ Kxf7 14. 0-0 d5 15. b3 Nd4 16. b4 a5 17. Bb2 Ne2+ 18. Kh1 axb4 19. Nb5 Ra5 20. a4 bxa3 21. Nxa3 Nd4 22. f4 Bxa3 23. Rxa3 Rxa3 24. Bxa3 Nxc2 25. Bd6 Ne3 26. Rf3 Ra8 27. Kg1 Ra1+ 28. Kf2 Ng4+ 29. Kg3 dxe4 30. Rb3 h5 31. h3 exf4+ 32. Kxf4 Rf1+ 33. Kxe4 f5+ 34. Kd4 Rd1+ 35. Kc5 Rd5+ 0-1

[Event "Rewal op 11th"]
[Site "Rewal"]
[Date "2006.08.21"]
[Round "1"]
[White "Kubit, Tomasz"]
[Black "Wandzik, Wojciech"]
[Result "1-0"]
[WhiteElo "2163"]
[BlackElo "1908"]
[PlyCount "119"]
[EventDate "2006.08.21"]
[EventType "swiss"]
[EventRounds "11"]
[EventCountry "POL"]
[SourceTitle "EXT 2010"]
[Source "ChessBase"]
[SourceDate "2010.11.25"]
[SourceVersion "1"]
[SourceVersionDate "2010.11.25"]
[SourceQuality "1"]

1. e4 c5 2. Nf3 Nc6 3. d4 cxd4 4. Nxd4 Nf6 5. Nc3 e5 6. Ndb5 d6 7. Nd5 Nxd5 8. exd5 Nb8 9. c4 Be7 10. Be3 a6 11. Nc3 0-0 12. Be2 f5 13. 0-0 f4 14. Bc1 Rf6 15. Ne4 Rh6 16. Bg4 Bf8 17. h3 Nd7 18. Be6+ Kh8 19. b3 Nc5 20. Nxc5 dxc5 21. Bxc8 Qxc8 22. Qf3 Qf5 23. Re1 Bd6 24. Re4 Qh5 25. Qxh5 Rxh5 26. f3 Rf5 27. Bb2 Re8 28. Bc3 b6 29. Rb1 a5 30. Kf2 g5 31. a3 Kg7 32. Ke2 Ra8 33. Kd3 Kf6 34. Re2 h5 35. b4 axb4 36. axb4 Ra3 37. b5 Kg6 38. Ra1 Rxa1 39. Bxa1 g4 40. hxg4 hxg4 41. fxg4 Rg5 42. Ke4 Kf6 43. Kf3 Rg8 44. Ra2 Rg7 45. Ra6 Rb7 46. Ra8 Rg7 47. Bb2 Kg5 48. Re8 Ra7 49. Bxe5 Ra3+ 50. Kf2 Ra2+ 51. Kf1 Bxe5 52. Rxe5+ Kxg4 53. d6 Ra8 54. d7 Rd8 55. Rd5 f3 56. Kf2 fxg2 57. Kxg2 Kf4 58. Kf2 Ke4 59. Kg3 Rg8+ 60. Kh4 1-0

[Event "Pardubice op-B2"]
[Site "Pardubice"]
[Date "2006.07.27"]
[Round "7"]
[White "Strache, Michael"]
[Black "Kubit, Tomasz"]
[Result "1/2-1/2"]
[WhiteElo "2096"]
[BlackElo "2184"]
[PlyCount "56"]
[EventDate "2006.07.21"]
[EventType "swiss"]
[EventRounds "9"]
[EventCountry "CZE"]
[SourceTitle "CBM 113 Extra"]
[Source "ChessBase"]
[SourceDate "2006.09.14"]
[SourceVersion "1"]
[SourceVersionDate "2006.09.14"]
[SourceQuality "1"]

1. e4 d5 2. exd5 Nf6 3. Nc3 Nxd5 4. Nxd5 Qxd5 5. Qf3 Be6 6. Qxd5 Bxd5 7. Ne2 Nc6 8. Nf4 Be4 9. Bd3 Bxd3 10. Nxd3 0-0-0 11. b3 e5 12. Bb2 f6 13. f3 Bd6 14. 0-0-0 Rhe8 15. Rhe1 Rd7 16. Re3 Rde7 17. Rde1 g6 18. Kd1 Kd7 19. Bc3 a5 20. a4 b6 21. Nb2 Bc5 22. R3e2 Bd4 23. Bxd4 exd4 24. Rxe7+ Rxe7 25. Rxe7+ Kxe7 26. c3 Kd6 27. Ke2 Kd5 28. Nd3 dxc3 1/2-1/2

[Event "Polanica Zdroj op-A 41st"]
[Site "Polanica Zdroj"]
[Date "2005.08.27"]
[Round "9"]
[White "Kubit, Tomasz"]
[Black "Grycel, Kamil"]
[Result "1/2-1/2"]
[WhiteElo "2130"]
[BlackElo "2282"]
[PlyCount "43"]
[EventDate "2005.08.19"]
[EventType "swiss"]
[EventRounds "10"]
[EventCountry "POL"]
[SourceTitle "CBM 108 Extra"]
[Source "ChessBase"]
[SourceDate "2005.11.04"]
[SourceVersion "1"]
[SourceVersionDate "2005.11.04"]
[SourceQuality "1"]

1. e4 c6 2. d4 d5 3. exd5 cxd5 4. c4 Nf6 5. Nc3 g6 6. Qb3 Bg7 7. cxd5 0-0 8. Be2 Nbd7 9. Bf3 Qb6 10. Qc4 a5 11. Nge2 Qb4 12. Qxb4 axb4 13. Nb5 Ra5 14. Nc7 Nb6 15. Bd2 Nbxd5 16. Nxd5 Nxd5 17. Bxd5 Rxd5 18. Bxb4 Bxd4 19. 0-0-0 Rfd8 20. Nxd4 Rxd4 21. Rxd4 Rxd4 22. Bc3 1/2-1/2

[Event "Polanica Zdroj op-A 41st"]
[Site "Polanica Zdroj"]
[Date "2005.08.25"]
[Round "7"]
[White "Kubit, Tomasz"]
[Black "Andrejczuk, Beata"]
[Result "1-0"]
[WhiteElo "2130"]
[BlackElo "2114"]
[PlyCount "37"]
[EventDate "2005.08.19"]
[EventType "swiss"]
[EventRounds "10"]
[EventCountry "POL"]
[SourceTitle "CBM 108 Extra"]
[Source "ChessBase"]
[SourceDate "2005.11.04"]
[SourceVersion "1"]
[SourceVersionDate "2005.11.04"]
[SourceQuality "1"]

1. e4 d5 2. exd5 Qxd5 3. Nc3 Qa5 4. Nf3 Nf6 5. h3 c6 6. Bc4 Bf5 7. 0-0 e6 8. d3 Bd6 9. Re1 0-0 10. Nd4 Bg6 11. Nxe6 fxe6 12. Rxe6 b5 13. Bb3 Bf7 14. Rxd6 Bxb3 15. cxb3 Qb4 16. Ne4 Nd5 17. Be3 Nxe3 18. fxe3 Qa5 19. Qe2 1-0

[Event "Polanica Zdroj op-A 41st"]
[Site "Polanica Zdroj"]
[Date "2005.08.20"]
[Round "2"]
[White "Flasinski, Michal"]
[Black "Kubit, Tomasz"]
[Result "1-0"]
[WhiteElo "2176"]
[BlackElo "2130"]
[PlyCount "63"]
[EventDate "2005.08.19"]
[EventType "swiss"]
[EventRounds "10"]
[EventCountry "POL"]
[SourceTitle "CBM 108 Extra"]
[Source "ChessBase"]
[SourceDate "2005.11.04"]
[SourceVersion "1"]
[SourceVersionDate "2005.11.04"]
[SourceQuality "1"]

1. e4 d5 2. exd5 Nf6 3. Bb5+ Bd7 4. Be2 Nxd5 5. d4 Bf5 6. Nf3 e6 7. 0-0 Be7 8. a3 0-0 9. c4 Nb6 10. Nc3 Bf6 11. Be3 Nc6 12. h3 h6 13. b4 a6 14. Qb3 Qe7 15. Rad1 Rfd8 16. Rfe1 Qf8 17. Bf1 Bh7 18. Bf4 Nxd4 19. Nxd4 Rxd4 20. Bxc7 Nd7 21. Rxd4 Bxd4 22. Rd1 e5 23. Ne2 Rc8 24. Nxd4 Rxc7 25. Qg3 Qc8 26. Nf3 e4 27. Ne5 Nxe5 28. Qxe5 Bg6 29. c5 Rc6 30. Qe7 Re6 31. Rd8+ Kh7 32. Qf8 1-0